International Business: Introduction and Essentials (Record no. 5509)

MARC details
005 - DATE AND TIME OF LATEST TRANSACTION
control field 20250627065041.0
020 ## - INTERNATIONAL STANDARD BOOK NUMBER
International Standard Book Number 0-256-05825-3
082 ## - DEWEY DECIMAL CLASSIFICATION NUMBER
Classification number 337 BAL
100 ## - MAIN ENTRY--PERSONAL NAME
Author name BALL. D.A
245 ## - TITLE STATEMENT
Title International Business: Introduction and Essentials
250 ## - EDITION STATEMENT
Edition statement 3rd Ed.
260 ## - PUBLICATION, DISTRIBUTION, ETC.
Place of publication, distribution, etc. ILLINOIS
Name of publisher, distributor, etc. Irwin, Inc
Date of publication, distribution, etc. 1988
300 ## - PHYSICAL DESCRIPTION
Extent xvi; 897Pages; Appendix; Glossary
Other physical details illustration; Pictures
Dimensions 24cm
700 ## - ADDED ENTRY--PERSONAL NAME
Other authors/Editors McCULLOCH W.H
942 ## - ADDED ENTRY ELEMENTS (KOHA)
Source of classification or shelving scheme Dewey Decimal Classification
Koha item type Books
Holdings
Date last seen Total checkouts Full call number Barcode Cost, replacement price Price effective from Koha item type Lost status Source of classification or shelving scheme Damaged status Not for loan Withdrawn status Home library Current library Shelving location Date acquired Source of acquisition Cost, normal purchase price
06/27/2025   337 BAL DOM0002271 90000.00 06/27/2025 Books   Dewey Decimal Classification       College of Business Education Main Library College of Business Education Main Library General Collection 03/11/1998 Library Budget 30000.00